000 00788cam a22002533a 4500
001 334
003 PGUSA
005 20140828082946.0
008 950901s1995||||xxu|||||s|||||000 1 eng d
040 _aPGUSA
_beng
042 _adc
050 4 _aPS
100 1 _aDavis, Richard Harding,
_d1864-1916
245 1 0 _aEpisodes in Van Bibber's Life
_h[electronic resource] /
_cRichard Harding Davis
260 _bProject Gutenberg,
_c1995
505 0 _aHer first appearance -- Van Bibber's man-servant -- The hungry man was fed -- Love me, love my dog.
506 _aPublic domain in the USA.
516 _aElectronic text
653 _aShort stories, American
653 _aFiction
830 0 _aProject Gutenberg
_v334
856 4 0 _uhttp://www.gutenberg.org/ebooks/334
942 _cEB
999 _c229685
_d229685